Top goalscorers in their national teams - Statistics

General Stats
  • This quiz has been taken 57 times
  • The average score is 25 of 29
Answer Stats
Player International goals Country % Correct
Lionel Messi 57 Argentina
100%
Pelé 77 Brazil
100%
Wayne Rooney 53 England
100%
Thierry Henry 51 France
100%
Miroslav Klose 71 Germany
100%
Robin van Persie 50 Netherlands
100%
Cristiano Ronaldo 68 Portugal
100%
Zlatan Ibrahimović 62 Sweden
100%
Samuel Eto'o 56 Cameroon
98%
David Villa 59 Spain
98%
Edin Džeko 47 Bosnia and Herzegovina
96%
Didier Drogba 65 Cote d'Ivoire
96%
Robbie Keane 67 Ireland
96%
Andriy Shevchenko 48 Ukraine
96%
Luis Suárez 47 Uruguay
94%
Tim Cahill 48 Australia
92%
Dimitar Berbatov 48 Bulgaria
90%
Radamel Falcao 25 Colombia
90%
Ferenc Puskás 84 Hungary
90%
Landon Donovan 57 USA
90%
Poul Nielsen 52 Denmark
82%
Hakan Şükür 51 Turkey
82%
Ali Daei 109 Iran
69%
Gheorghe Hagi 35 Romania
69%
Jan Koller 55 Czech Republic
63%
Luigi Riva 35 Italy
63%
Marcelo Salas 37 Chile
55%
Jared Borgetti 46 Mexico
41%
Rashidi Yekini 37 Nigeria
22%
No matching quizzes found
Score Distribution
Percent of People with Each Score
Percentile by Number Answered
Your Score History
You have not taken this quiz